Kritický okamžik ve vývoji burzy

Čo robiť v prípade krachu burzy. Príčiny krachu. Najznámejšie krachy búrz na svete.

Salvato in:
Dettagli Bibliografici
Autore principale: Gottwald, Radim
Natura: Capitolo di libro
Lingua:ceco
Soggetti:
Tags: Aggiungi Tag
Nessun Tag, puoi essere il primo ad aggiungerne!!

MARC

LEADER 00000naa$a2200000$$$4500
001 0088768
005 20230804110916.4
041 0 |a cze 
044 |a CZ 
245 1 0 |a Kritický okamžik ve vývoji burzy  |c Radim Gottwald 
520 |a Čo robiť v prípade krachu burzy. Príčiny krachu. Najznámejšie krachy búrz na svete. 
610 2 0 |a burzovníctvo 
610 2 0 |a burzy 
610 2 0 |a svet 
100 1 |a Gottwald, Radim